000 00744nam a2200253Ia 4500
003 OSt
005 20220928114606.0
006 a|||||r|||| 00| 0
007 ta
008 220927b |||||||| |||| 00| 0 eng d
020 _cINR 395.00
024 _a133543
037 _b0404, 15/03/2017, Bookwell Publications
_cTextual
040 _aSDCL
_cSDCL
_beng
041 _2eng
_aeng
082 _aX:8, Q7 LR
100 _aKarnik Kiran
_9440025
245 0 _aCrooked minds
_b Creating an innovatice society
260 _aNew Delhi
_bRupa
_c2017
300 _ax,206p.
_ccm.
650 _aReference
942 _hX:8, Q7 LR
_cTEXL
_2CC
999 _c755673
_d755673